Book Boyfriends Ultimate Quiz - Statistics

General Stats
  • This quiz has been taken 349 times
  • The average score is 14 of 73
Answer Stats
Hint Answer % Correct
The Inheritance Games Aaron Warner
69%
Twilight Edward Cullen
65%
Twisted Love Alex Volkov
52%
Haunting Adeline Zade Meadows
51%
The Summer I turned Pretty Conrad Fisher
48%
Corrupt (Devil's Night) Michael Crist
48%
Night Fall (Devil's Night) Will Grayson III
48%
Twilight Jacob Black
45%
Acotar Series Rhysand
45%
Twisted Hate Josh Chen
44%
The Summer I turned Pretty Jeremiah Fisher
41%
Twisted Games Rhys Larsen
41%
Twisted Lies Christian Harper
39%
The Inheritance Games Jameson Hawthorne
37%
The Spanish Love Deception Aaron Blackford
35%
The Inheritance Games Grayson Hawthorne
35%
It Ends with Us Atlas Corrigan
34%
The Folk of the Air Cardan Greenbriar
31%
Shatter Me Kenji Kishimoto
30%
Ugly Love Miles Archer
29%
Acotar Series Cassian
28%
Six Of Crows Kaz Brekker
26%
The Love Hypothesis Adam Carlsen
25%
Acotar Series Azriel
25%
A Good Girls Guide to Murder Ravi Singh
25%
The Deal (Off Campus) Garrett Graham
24%
After Series Hardin Scott
21%
Kill Switch (Devil's Night) Damon Torrance
19%
The Fine Print Rowan Kane
18%
Terms and Conditions Declan Kane
16%
Archer's Voice Archer Hale
15%
Lukov with Love Ivan Lukov
15%
Better than the Movies Wes Bennett
14%
The Maddest Obsession Christian Allister
13%
Hideaway (Devil's Night) Kai Mori
13%
Addicted Series Loren Hale
13%
The Score (Off Campus) Dean Di Laurentis
12%
Punk 57 Misha Lare
12%
Throne of Glass Series Rowan Whitethorn
12%
A Million Kisses in your Lifetime Crew Lancaster
11%
A Touch Of Darkness (H&P) Hades
10%
The Selection Maxon Schreave
10%
The Sweetest Oblivion Nicolas Russo
10%
November 9 Ben Kessler
8%
Addicted Series Connor Cobalt
8%
Throne of Glass Series Dorian Havilliard
8%
Addicted Series Ryke Meadows
8%
Beach Read Augustus Everett
7%
From Blood and Ash Series Casteel Da'Neer
7%
Book Lovers Charlie Lastra
7%
Red Queen Series Maven Calore
7%
Throttled (Dirty Air) Noah Slade
7%
The Unhoneymooners Ethan Thomas
5%
Wrecked (Dirty Air) Jax Kingston
5%
The Hating Game Joshua Templeman
5%
Reminders of Him Ledger Ward
5%
Redeemed (Dirty Air) Santiago Alatorre
5%
The Infernal Devices William Herondale
5%
Love and other Words Elliot Petropoulos
4%
All your Perfects Graham Wells
4%
Collided (Dirty Air) Liam Zander
4%
The Darkest Temptation Ronan Allister
4%
You've Reached Sam Sam Obayashi
4%
People we Meet on Vacation Alex Nilson
3%
Mara Dyer Series Noah Shaw
3%
The Kiss Thief Wolfe Keaton
3%
Vicious Baron Spencer
2%
Beautiful Bastard Bennett Ryan
2%
Normal People Connell Waldron
2%
Sleet Kitten Jackson Wilder
2%
Today Tonight Tomorrow Neil McNair
2%
The Shadowhunters Matthew Fairchild
1%
Stay with Me Oliver Masters
1%
No matching quizzes found
Score Distribution
Percent of People with Each Score
Percentile by Number Answered
Your Score History
You have not taken this quiz